Normal view
MARC view
- BLACKETT P.M.S
Entry Personal Name
001 - CONTROL NUMBER
- control field: 37792
003 - CONTROL NUMBER IDENTIFIER
- control field: NUST
005 - DATE AND TIME OF LATEST TRANSACTION
- control field: 20210314130418.0
008 - FIXED-LENGTH DATA ELEMENTS
- fixed length control field: 210314|| aca||aabn | a|a d
040 ## - CATALOGING SOURCE
- Original cataloging agency: NUST
- Transcribing agency: NUST
100 ## - HEADING--PERSONAL NAME
- Personal name: BLACKETT P.M.S
670 ## - SOURCE DATA FOUND
- Source citation: Work cat.: (NUST): BLACKETT P.M.S, MILITARY AND POLITICAL CONSEQUENCES OF ATOMIC ENERGY, 1948
